Chainsaw Man Devils - Statistics

General Stats
  • This quiz has been taken 399 times
    325 since last reset
  • The average score is 26 of 53
Answer Stats
Answer % Correct
chainsaw
97%
blood
90%
control
90%
Gun
90%
bomb
87%
war
87%
death
83%
katana
83%
darkness
80%
fox
79%
bat
77%
shark
77%
famine
75%
future
75%
angel
72%
tomato
72%
ghost
70%
eternity
66%
zombie
61%
snake
60%
falling
58%
leech
57%
spider
56%
violence
54%
hell
51%
fire
50%
curse
46%
typhoon
46%
doll
43%
justice
41%
spear
41%
crossbow
37%
knife
37%
octopus
35%
whip
34%
flamethrower
32%
cosmos
27%
sea cucumber
27%
chicken
26%
fish
23%
longsword
22%
skin
20%
muscle
19%
cockroach
18%
stone
18%
mold
17%
needle
15%
grape
13%
claw
12%
punishment
12%
pig
10%
mantis
9%
carpenter bee
5%
No matching quizzes found
Score Distribution
Percent of People with Each Score
Percentile by Number Answered
Your Score History
You have not taken this quiz since the last reset